000
00331nam a2200145Ia 4500
100
_a
O''''Brien/ J.A.
250
_a
6
942
_c
BK
654
_a
Information System
245
_a
Management Information System
260
_b
Tata McGraw Hill
_a
New Delhi
_c
2004
082
_a
658.4038
_b
OBR
300
_a
493
546
_a
ENGLISH
999
_c
19213
_d
19213